000 00443nam a2200145 a 4500
005 20140414093849.0
008 110817s19uu xx uuu eng d
020 _a9780521739900
050 _aCD 428
_bICD 2011
245 _aEnglish unlimited :
_bB1+ intermediate class audio CDs /
_cDavid Rea & Theresa Clementson.
260 _aUnited Kingdom :
_bCambridge University Press,
_c2011.
650 _aEnglish
942 _cAVM
999 _c109791
_d109791